La teoría Keynesiana del desarrollo económico (Registro nro. 6703)

Detalles MARC
000 -LEADER
fixed length control field 01208 a2200205 4500
001 - CONTROL NUMBER
control field 59487
005 - DATE AND TIME OF LATEST TRANSACTION
control field 20260407155849.0
008 - FIXED-LENGTH DATA ELEMENTS--GENERAL INFORMATION
fixed length control field 260407a1966 arg spa d
003 - CONTROL NUMBER IDENTIFIER
control field AR-UNSa-BCEJYS
040 ## - CATALOGING SOURCE
Original cataloging agency AR-UNSa-BCEJYS
Language of cataloging spa
Transcribing agency AR-UNSa-BCEJYS
080 ## - UNIVERSAL DECIMAL CLASSIFICATION NUMBER
Universal Decimal Classification number 330.834
Common auxiliary subdivision Keynes y el keynesianismo. Neokeynesianismo. Poskeynesianismo
100 1# - MAIN ENTRY--PERSONAL NAME
Personal name Kurihara, Kenneth k.
245 10 - TITLE STATEMENT
Title La teoría Keynesiana del desarrollo económico
264 #1 - PRODUCTION, PUBLICATION, DISTRIBUTION, MANUFACTURE, AND COPYRIGHT NOTICE
Place of production, publication, distribution, manufacture Madrid :
Name of producer, publisher, distributor, manufacturer Aguilar
Date of production, publication, distribution, manufacture, or copyright notice 1966
300 ## - PHYSICAL DESCRIPTION
Extent 213 p.
Dimensions 22 cm.
505 ## - FORMATTED CONTENTS NOTE
Formatted contents note 1. Precursores clásicos y posclásicos - 2. Estructura de una economía subdesarrollada - 3. La tasa de desarrollo óptima desde el punto de vista social - 4. Acumulación de capital y capacidad productiva - 5. El factor técnico en el desarrollo económico - 6. El paro dual en las economías subdesarrolladas - 7. La función redistributiva en el desarrrollo económico - 8. El elemento monetario en el desarrollo económico - 9. La función fiscal en el desarrollo económico - 10. Comercio exterior y desarrollo económico - 11. Epílogo sobre las teorías Poskeynesianas del desarrollo
590 ## - LOCAL NOTE (RLIN)
Local note niveau_biblio:m niveau_hierar:0
700 1# - ADDED ENTRY--PERSONAL NAME
Personal name García Gallardo, Manuel
942 ## - ADDED ENTRY ELEMENTS (KOHA)
Koha item type
Existencias
Withdrawn status Lost status Damaged status Not for loan Home library Current library Shelving location Date acquired Total checkouts Full call number Barcode Date last seen Price effective from Koha item type
        Biblioteca Prof. Eusebio Cleto del Rey Biblioteca Prof. Eusebio Cleto del Rey   07/04/2026   330.834 K95t L25803 07/04/2026 07/04/2026 Libro
        Biblioteca Prof. Eusebio Cleto del Rey Biblioteca Prof. Eusebio Cleto del Rey   07/04/2026   330.834 K95t L25804 07/04/2026 07/04/2026 Libro